00331nam a2200121Ia 4500008004100000041000800041082001600049100002600065245004500091260002700136300003300163365001300196240624s9999 xx 000 0 und d aeng a658.472 EMC aEMC EDUCATION SERVICE aDATA SCIENCE AND BIG DATA ANALYTICS DISC c2015aNew DelhibWiley axviii, : 410 : p. : cm. ; 23 cRSb27.5